[Event "Nordhausen op 13th"]
[Site "Nordhausen"]
[Date "2023.08.03"]
[Round "2"]
[White "Wichmann, Cliff"]
[Black "Espig, Nils"]
[Result "1-0"]
[WhiteElo "2310"]
[BlackElo "1629"]
[PlyCount "35"]
[EventDate "2023.08.03"]
[EventType "swiss"]
[EventRounds "7"]
[EventCountry "GER"]
[SourceTitle "CBM 215 Extra"]
[Source "ChessBase"]
[SourceDate "2023.09.30"]
[SourceVersion "1"]
[SourceVersionDate "2023.09.30"]
[SourceQuality "1"]

1. d4 d5 2. c4 dxc4 3. Nf3 Nf6 4. e3 e6 5. Bxc4 Be7 6. Qe2 0-0 7. e4 c5 8. dxc5 Bxc5 9. 0-0 Nc6 10. Nc3 h6 11. e5 Nd7 12. Bf4 a6 13. Rfd1 Qc7 14. Rac1 Nb6 15. Bd3 Bb4 16. Qe4 g6 17. Bxh6 Re8 18. Qh4 1-0

[Event "GER-chT U14"]
[Site "Kelheim"]
[Date "2022.12.28"]
[Round "4"]
[White "Espig, Nils"]
[Black "Braeutigam, Alexander"]
[Result "1-0"]
[WhiteElo "1608"]
[BlackElo "1941"]
[PlyCount "120"]
[EventDate "2022.12.26"]
[EventType "team-swiss"]
[EventRounds "7"]
[EventCountry "GER"]
[SourceTitle "CBM 212 Extra"]
[Source "ChessBase"]
[SourceDate "2023.03.31"]
[SourceVersion "1"]
[SourceVersionDate "2023.03.31"]
[SourceQuality "1"]
[WhiteTeam "Dresden TU"]
[BlackTeam "Kiel Doppelbauer"]
[WhiteTeamCountry "GER"]
[BlackTeamCountry "GER"]

1. e4 c5 2. Nf3 d6 3. d4 cxd4 4. Nxd4 Nf6 5. Nc3 a6 6. Be3 e5 7. Nb3 Be7 8. f3 Be6 9. Qd2 Nbd7 10. g4 Rc8 11. h4 b5 12. g5 Nh5 13. Bh3 Nb6 14. Bxb6 Qxb6 15. Nd5 Qd8 16. 0-0-0 Bxh3 17. Rxh3 Nf4 18. Nxf4 exf4 19. Nd4 0-0 20. Qxf4 f6 21. Ne6 Qd7 22. Qg4 Qc6 23. Rh2 Rf7 24. g6 hxg6 25. Qxg6 Qc4 26. Qf5 Qxa2 27. Ng5 Qa1+ 28. Kd2 Rxc2+ 29. Kxc2 Qa4+ 30. Kd2 Qd4+ 31. Ke2 Qc4+ 32. Ke1 fxg5 33. Qd5 Qb4+ 34. Qd2 Qxd2+ 35. Rdxd2 gxh4 36. Ke2 g5 37. Rd5 Kg7 38. Ke3 Bf6 39. Rg2 Be7 40. b3 Rf8 41. Ra2 h3 42. Rh2 Rh8 43. Rd1 Bf6 44. Rdh1 Rc8 45. Rxh3 Rc3+ 46. Kf2 Rxb3 47. Rh7+ Kg8 48. Rd7 Bg7 49. Rc1 Bc3 50. Rxd6 a5 51. Rc6 b4 52. Rd1 Rb2+ 53. Ke3 Rc2 54. Ra6 b3 55. Rd7 Bg7 56. Ra8+ Kh7 57. Raa7 b2 58. Rxg7+ Kh6 59. Rgb7 Rc7 60. Rxc7 b1Q 1-0

[Event "GER-chT U12"]
[Site "Magdeburg"]
[Date "2021.08.05"]
[Round "2.1"]
[White "Espig, Nils"]
[Black "Lange, Tobias1"]
[Result "1-0"]
[WhiteElo "1601"]
[BlackElo "1399"]
[PlyCount "143"]
[EventDate "2021.08.04"]
[EventType "team-swiss"]
[EventRounds "7"]
[EventCountry "GER"]
[SourceTitle "EXT 2022"]
[Source "ChessBase"]
[SourceDate "2021.10.06"]
[SourceVersion "1"]
[SourceVersionDate "2021.10.06"]
[SourceQuality "1"]
[WhiteTeam "Dresden TU"]
[BlackTeam "Garching"]
[WhiteTeamCountry "GER"]
[BlackTeamCountry "GER"]

1. e4 e5 2. Nf3 Nf6 3. Nxe5 d6 4. Nf3 Nxe4 5. Nc3 Nxc3 6. dxc3 Be7 7. h3 Nc6 8. Bd3 Be6 9. 0-0 Qd7 10. Re1 0-0-0 11. Bb5 Bf6 12. Be3 h6 13. Bxa7 Bxh3 14. gxh3 Qxh3 15. Bxc6 bxc6 16. Bd4 Qg4+ 17. Kh1 Qh3+ 18. Nh2 Bg5 19. Qg4+ Qxg4 20. Nxg4 h5 21. Nh2 f6 22. a4 c5 23. Be3 Bh4 24. Nf3 g5 25. Nxh4 gxh4 26. Rg1 Rde8 27. a5 Re4 28. a6 f5 29. a7 Kb7 30. a8Q+ Rxa8 31. Rxa8 Kxa8 32. Re1 Rg4 33. b3 f4 34. Bd2 d5 35. Rg1 f3 36. Rxg4 hxg4 37. Kh2 c4 38. b4 Kb7 39. Bg5 g3+ 40. fxg3 f2 41. Kg2 hxg3 42. Bf4 c5 43. Bxg3 cxb4 44. cxb4 Kc6 45. Bxf2 Kd6 46. Bd4 Ke6 47. c3 Kd6 48. Kf3 Ke6 49. Kf4 Kd6 50. Kf5 Kd7 51. Ke5 Kc6 52. Ke6 Kb5 53. Kxd5 Ka6 54. Kxc4 Kb7 55. Kd5 Kc8 56. b5 Kb7 57. b6 Kc8 58. Kc6 Kb8 59. Be5+ Kc8 60. b7+ Kd8 61. b8Q+ Ke7 62. Qd6+ Kf7 63. Qf6+ Ke8 64. Qe6+ Kf8 65. Bg7+ Kxg7 66. Qf5 Kg8 67. Qf6 Kh7 68. Qg5 Kh8 69. Kd6 Kh7 70. Ke7 Kh8 71. Kf7 Kh7 72. Qg7# 1-0

[Event "GER Cup Net Final-C U1600"]
[Site "Playchess.com INT"]
[Date "2020.06.06"]
[Round "12"]
[White "Espig, Nils"]
[Black "Hoffmann, Peter1"]
[Result "1-0"]
[WhiteElo "1548"]
[BlackElo "1485"]
[PlyCount "71"]
[EventDate "2020.06.06"]
[EventType "swiss (blitz)"]
[EventRounds "13"]
[EventCountry "GER"]
[SourceTitle "CBM 197 Extra"]
[Source "ChessBase"]
[SourceDate "2020.09.30"]
[SourceVersion "1"]
[SourceVersionDate "2020.09.30"]
[SourceQuality "1"]

1. e4 c5 2. Nf3 e6 3. d4 cxd4 4. Nxd4 Nf6 5. Nc3 d6 6. Be3 a6 7. Qd2 Nc6 8. Be2 Qc7 9. 0-0 Be7 10. h3 0-0 11. Nxc6 Qxc6 12. Bf3 Qc7 13. Bd4 b5 14. Qe3 b4 15. Bb6 Qc4 16. Ne2 e5 17. c3 a5 18. cxb4 axb4 19. Rfc1 Qb5 20. Ng3 Ra6 21. Bc7 Bb7 22. Be2 Qd7 23. Bxa6 Bxa6 24. Ba5 Rb8 25. Rc7 Qb5 26. Rxe7 Qxa5 27. Ra7 Qb5 28. Rd1 Ne8 29. Qf3 f6 30. Nf5 Qe2 31. Qxe2 Bxe2 32. Rc1 Bd3 33. f3 g6 34. Rc8 Rxc8 35. Ne7+ Kf8 36. Nxc8 1-0

[Event "GER Cup Net Final-C U1600"]
[Site "Playchess.com INT"]
[Date "2020.06.06"]
[Round "4"]
[White "Wolff, Calvin"]
[Black "Espig, Nils"]
[Result "0-1"]
[WhiteElo "1859"]
[BlackElo "1548"]
[PlyCount "120"]
[EventDate "2020.06.06"]
[EventType "swiss (blitz)"]
[EventRounds "13"]
[EventCountry "GER"]
[SourceTitle "CBM 197 Extra"]
[Source "ChessBase"]
[SourceDate "2020.09.30"]
[SourceVersion "1"]
[SourceVersionDate "2020.09.30"]
[SourceQuality "1"]

1. e4 c5 2. Nc3 g6 3. f4 Bg7 4. Nf3 Nc6 5. Bc4 a6 6. d4 b5 7. Bd5 Nf6 8. Bxc6 dxc6 9. dxc5 Qxd1+ 10. Nxd1 Nxe4 11. 0-0 Nxc5 12. Nc3 0-0 13. Be3 Bxc3 14. bxc3 Ne4 15. c4 Bf5 16. cxb5 cxb5 17. Ng5 Nxg5 18. fxg5 Bxc2 19. Bd4 Rfd8 20. Bc5 e6 21. Rf2 Ba4 22. Raf1 Rf8 23. Bxf8 Rxf8 24. Rd2 b4 25. Rb1 a5 26. Re2 Bb5 27. Re5 Bd3 28. Rb3 Bc4 29. Rb2 Ra8 30. Rc5 Bd5 31. Kf2 Kf8 32. g3 Ke7 33. Ke3 Kd6 34. Rc1 Rb8 35. Rd1 a4 36. a3 b3 37. Rf1 e5 38. Rf6+ Be6 39. Kd2 Rd8 40. Kc1 Rc8+ 41. Kb1 Ke7 42. Rd2 Bf5+ 43. Kb2 Rc2+ 44. Rxc2 bxc2 45. Rc6 Kd7 46. Rc4 Bd3 47. Rxa4 e4 48. Rb4 Kc6 49. a4 e3 50. Rd4 Bf5 51. a5 e2 52. a6 e1Q 53. a7 Qb1+ 54. Kc3 Qa1+ 55. Kd2 Qxd4+ 56. Ke2 c1N+ 57. Kf3 Qe4+ 58. Kf2 Nd3+ 59. Kg1 Qe3+ 60. Kf1 Qf2# 0-1

[Event "GER Pfingstopen U16"]
[Site "Playchess.com INT"]
[Date "2020.06.05"]
[Round "4"]
[White "Espig, Nils"]
[Black "Ruddat, Jarne"]
[Result "0-1"]
[WhiteElo "1636"]
[BlackElo "1570"]
[PlyCount "38"]
[EventDate "2020.06.05"]
[EventType "swiss (blitz)"]
[EventRounds "11"]
[EventCountry "GER"]
[SourceTitle "CBM 197 Extra"]
[Source "ChessBase"]
[SourceDate "2020.09.30"]
[SourceVersion "1"]
[SourceVersionDate "2020.09.30"]
[SourceQuality "1"]

1. e4 c5 2. Nf3 g6 3. d4 cxd4 4. Nxd4 Nc6 5. Nc3 Bg7 6. Be3 Nf6 7. f4 0-0 8. Be2 Qb6 9. Nf5 Qxb2 10. Nxg7 Qxc3+ 11. Bd2 Qc5 12. e5 Ne4 13. Bd3 Nc3 14. Qf3 Kxg7 15. Bxg6 hxg6 16. Bxc3 e6 17. f5 Nd4 18. f6+ Kg8 19. Qe3 Nxc2+ 0-1

[Event "GER Pfingstopen U16"]
[Site "Playchess.com INT"]
[Date "2020.06.05"]
[Round "3"]
[White "Grozea, Nicolae Theodor"]
[Black "Espig, Nils"]
[Result "0-1"]
[WhiteElo "1534"]
[BlackElo "1636"]
[PlyCount "76"]
[EventDate "2020.06.05"]
[EventType "swiss (blitz)"]
[EventRounds "11"]
[EventCountry "GER"]
[SourceTitle "CBM 197 Extra"]
[Source "ChessBase"]
[SourceDate "2020.09.30"]
[SourceVersion "1"]
[SourceVersionDate "2020.09.30"]
[SourceQuality "1"]

1. e4 c5 2. Nf3 Nc6 3. d4 cxd4 4. Nxd4 g6 5. Nc3 Bg7 6. Be3 Nf6 7. Be2 0-0 8. 0-0 d5 9. exd5 Nb4 10. Nf3 Qc7 11. Qd4 Nxc2 12. Nb5 Nxd4 13. Nxc7 Nxf3+ 14. Bxf3 Rb8 15. Bf4 Bd7 16. Rac1 Rbc8 17. Rfe1 e6 18. dxe6 Bxe6 19. Nxe6 Rxc1 20. Rxc1 fxe6 21. g3 b6 22. Rc7 Nd5 23. Bxd5 exd5 24. Rxa7 Bxb2 25. Rb7 Bd4 26. Be3 Bc5 27. Bxc5 bxc5 28. Rb5 Rc8 29. a4 d4 30. a5 d3 31. Kf1 c4 32. Ke1 c3 33. Kd1 c2+ 34. Kc1 d2+ 35. Kxd2 c1Q+ 36. Ke2 Qc4+ 37. Kf3 Qxb5 38. Kg2 Qd5+ 0-1

[Event "GER Pfingstopen U16"]
[Site "Playchess.com INT"]
[Date "2020.06.05"]
[Round "2"]
[White "Popist, Florian"]
[Black "Espig, Nils"]
[Result "1-0"]
[WhiteElo "1547"]
[BlackElo "1636"]
[PlyCount "53"]
[EventDate "2020.06.05"]
[EventType "swiss (blitz)"]
[EventRounds "11"]
[EventCountry "GER"]
[SourceTitle "CBM 197 Extra"]
[Source "ChessBase"]
[SourceDate "2020.09.30"]
[SourceVersion "1"]
[SourceVersionDate "2020.09.30"]
[SourceQuality "1"]

1. e4 c5 2. Nc3 g6 3. f4 Bg7 4. Nf3 Nc6 5. Bb5 a6 6. Bxc6 bxc6 7. 0-0 d5 8. d3 d4 9. Na4 Qa5 10. b3 Nf6 11. Ba3 Nd7 12. Qd2 Qb5 13. Rac1 Bh6 14. g3 e5 15. c4 dxc3 16. Qxc3 Rg8 17. Nxe5 Nxe5 18. Qxe5+ Kd8 19. Bxc5 Bg7 20. Bb6+ Qxb6+ 21. Nxb6 Bxe5 22. fxe5 Rb8 23. Rxc6 Bd7 24. Rd6 Rb7 25. Rxf7 Kc7 26. Rfxd7+ Kb8 27. Rxb7+ 1-0

[Event "GER Cup Net V3 U1600"]
[Site "Playchess.com INT"]
[Date "2020.05.27"]
[Round "2"]
[White "Espig, Nils"]
[Black "Steimle, Markus"]
[Result "1-0"]
[WhiteElo "1601"]
[BlackElo "1312"]
[PlyCount "39"]
[EventDate "2020.05.27"]
[EventType "swiss (blitz)"]
[EventRounds "9"]
[EventCountry "GER"]
[SourceTitle "EXT 2021"]
[Source "ChessBase"]
[SourceDate "2020.10.23"]
[SourceVersion "1"]
[SourceVersionDate "2020.10.23"]
[SourceQuality "1"]

1. e4 e6 2. d4 d5 3. exd5 exd5 4. c4 Nf6 5. Nc3 c6 6. a3 Be6 7. c5 Be7 8. Nf3 Nbd7 9. Bd3 0-0 10. 0-0 h6 11. h3 b6 12. b4 a5 13. Bf4 axb4 14. axb4 bxc5 15. bxc5 Re8 16. Qc2 Nh5 17. Bh2 g6 18. Rfb1 Rxa1 19. Rxa1 Qb8 20. Bxb8 1-0

[Event "GER Cup Net V3 U1600"]
[Site "Playchess.com INT"]
[Date "2020.05.27"]
[Round "1"]
[White "Karpe, Sebastian"]
[Black "Espig, Nils"]
[Result "0-1"]
[WhiteElo "1341"]
[BlackElo "1595"]
[PlyCount "56"]
[EventDate "2020.05.27"]
[EventType "swiss (blitz)"]
[EventRounds "9"]
[EventCountry "GER"]
[SourceTitle "EXT 2021"]
[Source "ChessBase"]
[SourceDate "2020.10.23"]
[SourceVersion "1"]
[SourceVersionDate "2020.10.23"]
[SourceQuality "1"]

1. d4 d5 2. c4 dxc4 3. e4 Nf6 4. Nc3 e5 5. d5 c6 6. dxc6 Qxd1+ 7. Kxd1 Nxc6 8. Bxc4 Bc5 9. Be3 Bxe3 10. fxe3 0-0 11. h3 b6 12. Nf3 Bb7 13. a3 Rfd8+ 14. Kc2 Na5 15. Bd3 Rac8 16. b4 Nxe4 17. Bxe4 Bxe4+ 18. Kb2 Nc4+ 19. Kb3 Bxf3 20. gxf3 Nd2+ 21. Kc2 Nxf3 22. Rhf1 Rd2+ 23. Kb3 Rd3 24. Rac1 Nd2+ 25. Ka4 Nxf1 26. Rxf1 Rcxc3 27. Kb5 h6 28. Rf5 Rxe3 0-1

[Event "GER Cup Net V2 U1600"]
[Site "Playchess.com INT"]
[Date "2020.05.22"]
[Round "4"]
[White "Espig, Nils"]
[Black "Heiligtag, Matthias"]
[Result "1-0"]
[WhiteElo "1544"]
[BlackElo "1648"]
[PlyCount "103"]
[EventDate "2020.05.22"]
[EventType "swiss (blitz)"]
[EventRounds "9"]
[EventCountry "GER"]
[SourceTitle "EXT 2021"]
[Source "ChessBase"]
[SourceDate "2020.10.23"]
[SourceVersion "1"]
[SourceVersionDate "2020.10.23"]
[SourceQuality "1"]

1. e4 e5 2. Nf3 Nf6 3. Nxe5 d6 4. Nf3 Nxe4 5. Nc3 Nxc3 6. dxc3 Be7 7. Bd3 0-0 8. 0-0 Bg4 9. h3 Bh5 10. Re1 Nc6 11. Be2 Re8 12. Nd4 Bxe2 13. Rxe2 Nxd4 14. cxd4 Bf6 15. Be3 Qd7 16. c3 Re7 17. Qd2 Rae8 18. Rae1 Qb5 19. Qc2 Bg5 20. c4 Qa5 21. b4 Qxb4 22. Bxg5 Qxe1+ 23. Rxe1 Rxe1+ 24. Kh2 R1e2 25. Qb3 Rxf2 26. Qxb7 h6 27. Bh4 Rxa2 28. Qxc7 Ree2 29. Qc6 Rad2 30. Bg3 a5 31. Bxd6 a4 32. Bc5 Rc2 33. Qc8+ Kh7 34. Qf5+ Kh8 35. Qf1 Rf2 36. Qg1 Rfd2 37. Kg3 Rxc4 38. Qe3 Rdc2 39. Kf4 R2c3 40. Qe8+ Kh7 41. Qxf7 Rxc5 42. dxc5 Rxc5 43. Qe6 a3 44. Qe4+ Kh8 45. Qb4 Rh5 46. Qxa3 g5+ 47. Kg4 Rh4+ 48. Kg3 Rf4 49. Qa8+ Kh7 50. Qb7+ Kg6 51. Qc6+ Kh5 52. Qe8+ 1-0

[Event "GER Cup Net V2 U1600"]
[Site "Playchess.com INT"]
[Date "2020.05.22"]
[Round "6"]
[White "Espig, Nils"]
[Black "Ruddat, Jarne"]
[Result "1-0"]
[WhiteElo "1589"]
[BlackElo "1640"]
[PlyCount "121"]
[EventDate "2020.05.22"]
[EventType "swiss (blitz)"]
[EventRounds "9"]
[EventCountry "GER"]
[SourceTitle "EXT 2021"]
[Source "ChessBase"]
[SourceDate "2020.10.23"]
[SourceVersion "1"]
[SourceVersionDate "2020.10.23"]
[SourceQuality "1"]

1. e4 c5 2. Nf3 g6 3. d4 cxd4 4. Nxd4 Nc6 5. Nc3 Bg7 6. Be3 Nf6 7. Be2 0-0 8. f4 d5 9. exd5 Nxd5 10. Nxd5 Qxd5 11. Nxc6 Qxc6 12. 0-0 Bxb2 13. Rb1 Bg7 14. Bf3 Qa4 15. Bxb7 Bxb7 16. Rxb7 Qxa2 17. Rxe7 Qa3 18. Qd7 Rfd8 19. Qb7 Bf6 20. Rxf7 Qxe3+ 21. Kh1 Rdb8 22. Qc7 Qb6 23. Qd7 Rb7 24. Qxb7 Qxb7 25. Rxb7 a5 26. h3 a4 27. Rc7 a3 28. c3 a2 29. Ra1 Ra3 30. Rc8+ Kg7 31. Rc7+ Kh6 32. g4 g5 33. fxg5+ Kxg5 34. Rc5+ Kg6 35. Rc6 Kf7 36. Rc7+ Ke6 37. Rc6+ Ke7 38. Rc7+ Kd6 39. Rxh7 Bxc3 40. Rh6+ Ke7 41. Rh7+ Kf8 42. Rf1+ Kg8 43. Rc7 a1Q 44. Rc8+ Kh7 45. Rxa1 Rxa1+ 46. Kg2 Bf6 47. Kg3 Ra3+ 48. Kf4 Kg6 49. Rc6 Rxh3 50. g5 Rh4+ 51. Kg3 Rd4 52. gxf6 Kf7 53. Kf3 Rd7 54. Kf4 Rd8 55. Kg5 Rg8+ 56. Kf5 Rh8 57. Rc7+ Kf8 58. Rc8+ Kf7 59. Rc7+ Kf8 60. Ke6 Rh6 61. Rc8# 1-0

[Event "GER Cup Net V2 U1600"]
[Site "Playchess.com INT"]
[Date "2020.05.22"]
[Round "5"]
[White "Fock, Madiha"]
[Black "Espig, Nils"]
[Result "0-1"]
[WhiteElo "1662"]
[BlackElo "1567"]
[PlyCount "78"]
[EventDate "2020.05.22"]
[EventType "swiss (blitz)"]
[EventRounds "9"]
[EventCountry "GER"]
[SourceTitle "EXT 2021"]
[Source "ChessBase"]
[SourceDate "2020.10.23"]
[SourceVersion "1"]
[SourceVersionDate "2020.10.23"]
[SourceQuality "1"]

1. e4 c5 2. Nf3 g6 3. c4 Bg7 4. Nc3 Nc6 5. d3 d6 6. Be3 Nf6 7. Qd2 Ng4 8. Bh6 Bxh6 9. Qe2 Nf6 10. g3 Bg7 11. Bg2 0-0 12. 0-0 Bg4 13. h3 Nd4 14. Qd1 Nxf3+ 15. Bxf3 Bxh3 16. Re1 Qd7 17. Kh2 Bg4 18. Nd5 Bxf3 19. Qxf3 Nxd5 20. exd5 Bxb2 21. Rab1 Bd4 22. Re4 b6 23. Rbe1 Rae8 24. Qf4 Be5 25. Qh4 f5 26. R4e2 Bf6 27. Qf4 g5 28. Qe3 h6 29. f4 gxf4 30. gxf4 Kh7 31. Rg2 Rg8 32. Reg1 Bd4 33. Rxg8 Rxg8 34. Qe1 Rxg1 35. Qe2 Qe8 36. Qf3 Qg6 37. Qh3 Be3 38. a4 Bxf4+ 39. Qg3 Qxg3# 0-1

[Event "GER Cup Net V2 U1600"]
[Site "Playchess.com INT"]
[Date "2020.05.22"]
[Round "8"]
[White "Rohm, Linus"]
[Black "Espig, Nils"]
[Result "1-0"]
[WhiteElo "1656"]
[BlackElo "1602"]
[PlyCount "57"]
[EventDate "2020.05.22"]
[EventType "swiss (blitz)"]
[EventRounds "9"]
[EventCountry "GER"]
[SourceTitle "EXT 2021"]
[Source "ChessBase"]
[SourceDate "2020.10.23"]
[SourceVersion "1"]
[SourceVersionDate "2020.10.23"]
[SourceQuality "1"]

1. d4 d5 2. Bf4 Nc6 3. e3 Bf5 4. c3 Nf6 5. Nd2 e6 6. Qa4 a6 7. Ngf3 Bd6 8. Bxd6 cxd6 9. Nh4 Be4 10. Nxe4 Nxe4 11. Nf3 0-0 12. Bd3 Nf6 13. 0-0 b5 14. Qc2 h6 15. e4 dxe4 16. Bxe4 d5 17. Bd3 Qc7 18. a3 Na5 19. Ne5 Nc4 20. Rfe1 Nxe5 21. dxe5 Ng4 22. Qe2 h5 23. h3 Nh6 24. Qxh5 Rac8 25. g4 f6 26. exf6 Rxf6 27. g5 Rf4 28. gxh6 Qa7 29. Re2 1-0

[Event "GER Cup Net V1 U1600"]
[Site "Playchess.com INT"]
[Date "2020.05.19"]
[Round "7"]
[White "Espig, Nils"]
[Black "Schroeder, Marcel"]
[Result "1-0"]
[WhiteElo "1464"]
[BlackElo "1587"]
[PlyCount "61"]
[EventDate "2020.05.19"]
[EventType "swiss (blitz)"]
[EventRounds "9"]
[EventCountry "GER"]
[SourceTitle "EXT 2021"]
[Source "ChessBase"]
[SourceDate "2020.10.23"]
[SourceVersion "1"]
[SourceVersionDate "2020.10.23"]
[SourceQuality "1"]

1. e4 c5 2. Nf3 Nc6 3. d4 cxd4 4. Nxd4 Nf6 5. Nc3 g6 6. Be3 Nxd4 7. Bxd4 Bg7 8. Be2 d6 9. 0-0 0-0 10. Bc4 Bd7 11. Qe2 b6 12. Rfd1 Rc8 13. Bb3 Bg4 14. f3 Bd7 15. e5 dxe5 16. Bxe5 Rc5 17. Bxf6 Bxf6 18. Ba4 Rc7 19. Ne4 Bg7 20. Qd3 Bxb2 21. Rab1 Ba3 22. Qxa3 b5 23. Bxb5 Rxc2 24. Rxd7 Qb6+ 25. Kf1 Rfc8 26. Rdd1 f5 27. Bd3 fxe4 28. Rxb6 axb6 29. Bxc2 Rxc2 30. Rd8+ Kf7 31. Qb3+ 1-0

[Event "GER Cup Net V1 U1600"]
[Site "Playchess.com INT"]
[Date "2020.05.19"]
[Round "4"]
[White "Espig, Nils"]
[Black "Segermann, Nils"]
[Result "1/2-1/2"]
[WhiteElo "1464"]
[BlackElo "1742"]
[PlyCount "110"]
[EventDate "2020.05.19"]
[EventType "swiss (blitz)"]
[EventRounds "9"]
[EventCountry "GER"]
[SourceTitle "EXT 2021"]
[Source "ChessBase"]
[SourceDate "2020.10.23"]
[SourceVersion "1"]
[SourceVersionDate "2020.10.23"]
[SourceQuality "1"]

1. e4 e6 2. d4 c5 3. Nf3 cxd4 4. Nxd4 Bc5 5. Be3 Ne7 6. Nc3 Bxd4 7. Bxd4 f6 8. Bd3 Nbc6 9. Be3 e5 10. 0-0 d5 11. exd5 Nb4 12. Bb5+ Bd7 13. Bxd7+ Qxd7 14. d6 Nf5 15. Bc5 Na6 16. Ba3 Rc8 17. Qd3 Nc5 18. Qd5 Ne6 19. Rfd1 Nfd4 20. Rac1 Rxc3 21. bxc3 Ne2+ 22. Kf1 Nxc1 23. Rxc1 0-0 24. Rb1 b6 25. Re1 Rd8 26. f4 Kh8 27. fxe5 fxe5 28. Rxe5 Rf8+ 29. Kg1 Nf4 30. Qd2 Qg4 31. g3 Nh3+ 32. Kg2 h6 33. Re2 Nf4+ 34. Kf2 Nxe2+ 35. Ke1 Re8 36. Kf1 Qf5+ 37. Kg2 Qd7 38. Bb2 Qc6+ 39. Kh3 Qf3 40. c4 Ng1+ 41. Kh4 Re4+ 42. Qf4 Rxf4+ 43. gxf4 Qxf4+ 44. Kh5 Qxd6 45. Kg4 Qxh2 46. Kf5 Qd6 47. Ke4 Qc5 48. Kf4 Nh3+ 49. Kg4 Ng5 50. Bc1 Qxc4+ 51. Kg3 Qxc2 52. Bxg5 hxg5 53. Kg4 Qxa2 54. Kxg5 Qd5+ 55. Kg6 b5 1/2-1/2

[Event "GER Cup Net V1 U1600"]
[Site "Playchess.com INT"]
[Date "2020.05.19"]
[Round "3"]
[White "Schneider, Martin3"]
[Black "Espig, Nils"]
[Result "0-1"]
[WhiteElo "1620"]
[BlackElo "1464"]
[PlyCount "104"]
[EventDate "2020.05.19"]
[EventType "swiss (blitz)"]
[EventRounds "9"]
[EventCountry "GER"]
[SourceTitle "EXT 2021"]
[Source "ChessBase"]
[SourceDate "2020.10.23"]
[SourceVersion "1"]
[SourceVersionDate "2020.10.23"]
[SourceQuality "1"]

1. e4 c5 2. Nf3 g6 3. d4 cxd4 4. Nxd4 Bg7 5. Nc3 Nc6 6. Be3 Nf6 7. Bc4 0-0 8. Bb3 a5 9. a4 d6 10. 0-0 Ng4 11. Nxc6 Nxe3 12. Nxd8 Nxd1 13. Rfxd1 Rxd8 14. Rab1 Bxc3 15. bxc3 Be6 16. c4 Rdc8 17. Rd4 Rab8 18. Rbd1 Rc5 19. f4 Rbc8 20. h3 Bxc4 21. Bxc4 Rxc4 22. Rxc4 Rxc4 23. e5 dxe5 24. fxe5 Rxa4 25. Rd7 b5 26. Rxe7 Rc4 27. Rb7 b4 28. Ra7 Rc5 29. e6 fxe6 30. Kf2 Rxc2+ 31. Ke3 Ra2 32. Kd4 b3 33. Kc3 b2 34. Rb7 a4 35. Rxb2 Rxb2 36. Kxb2 Kf7 37. Ka3 Kf6 38. Kxa4 Kf5 39. Kb3 Kf4 40. Kc2 Kg3 41. Kd3 Kxg2 42. Ke4 Kxh3 43. Ke5 g5 44. Kxe6 g4 45. Kf5 g3 46. Kg5 g2 47. Kh6 g1Q 48. Kxh7 Qg5 49. Kh8 Kg4 50. Kh7 Kf5 51. Kh8 Kf6 52. Kh7 Qg7# 0-1

[Event "Pfarrkirchen Rottal op 2nd"]
[Site "Pfarrkirchen"]
[Date "2018.03.31"]
[Round "2"]
[White "Espig, Nils"]
[Black "Daehne, Christian"]
[Result "0-1"]
[WhiteElo "1424"]
[BlackElo "1679"]
[PlyCount "46"]
[EventDate "2018.03.30"]
[EventType "swiss"]
[EventRounds "7"]
[EventCountry "GER"]
[SourceTitle "CBM 183 Extra"]
[Source "ChessBase"]
[SourceDate "2018.04.19"]
[SourceVersion "1"]
[SourceVersionDate "2018.04.19"]
[SourceQuality "1"]

1. e4 c5 2. Nf3 d6 3. d4 cxd4 4. Nxd4 Nf6 5. Nc3 Nc6 6. f3 e6 7. Be3 Be7 8. Qd2 0-0 9. 0-0-0 a6 10. g4 Nxd4 11. Bxd4 e5 12. Be3 b5 13. h4 b4 14. Nd5 Nxd5 15. Qxd5 Be6 16. Qc6 Qa5 17. Bc4 Rfc8 18. Qb7 Bxc4 19. Qxe7 Qxa2 20. Qxd6 Qa1+ 21. Kd2 Qxb2 22. Ke1 Qxc2 23. Qxb4 Qe2# 0-1

[Event "Pfarrkirchen Rottal op 2nd"]
[Site "Pfarrkirchen"]
[Date "2018.03.31"]
[Round "3"]
[White "Gode, Gero"]
[Black "Espig, Nils"]
[Result "1-0"]
[WhiteElo "1647"]
[BlackElo "1424"]
[PlyCount "37"]
[EventDate "2018.03.30"]
[EventType "swiss"]
[EventRounds "7"]
[EventCountry "GER"]
[SourceTitle "CBM 183 Extra"]
[Source "ChessBase"]
[SourceDate "2018.04.19"]
[SourceVersion "1"]
[SourceVersionDate "2018.04.19"]
[SourceQuality "1"]

1. e4 c5 2. Nf3 d6 3. d4 cxd4 4. Nxd4 Nf6 5. Nc3 g6 6. Be2 Bg7 7. Be3 0-0 8. g4 d5 9. exd5 Nxd5 10. Nxd5 Qxd5 11. Bf3 Qe5 12. c3 Rd8 13. Qe2 Nd7 14. 0-0-0 Nf6 15. Rd3 Rb8 16. Nc6 bxc6 17. Rxd8+ Bf8 18. Bh6 Nd7 19. Qxe5 1-0

[Event "GER-chT U10"]
[Site "Magdeburg"]
[Date "2017.12.29"]
[Round "7.3"]
[White "Espig, Nils"]
[Black "Kiefhaber, Tobias"]
[Result "1/2-1/2"]
[WhiteElo "1359"]
[BlackElo "1370"]
[PlyCount "60"]
[EventDate "2017.12.27"]
[EventType "team-swiss"]
[EventRounds "7"]
[EventCountry "GER"]
[SourceTitle "EXT 2019"]
[Source "ChessBase"]
[SourceDate "2018.10.10"]
[SourceVersion "1"]
[SourceVersionDate "2018.10.10"]
[SourceQuality "1"]
[WhiteTeam "Dresden TU"]
[BlackTeam "Karlsruhe SF"]
[WhiteTeamCountry "GER"]
[BlackTeamCountry "GER"]

1. e4 c6 2. d4 d5 3. exd5 cxd5 4. Bd3 Nc6 5. c3 e5 6. dxe5 Nxe5 7. Be2 Nf6 8. Bf4 Ng6 9. Bg3 Bd6 10. Nd2 0-0 11. Ngf3 Re8 12. 0-0 Bf5 13. Nd4 Be6 14. Re1 Bxg3 15. hxg3 Rc8 16. Bb5 Bd7 17. Rxe8+ Qxe8 18. Bxd7 Qxd7 19. Qf3 Ne5 20. Qf5 Qxf5 21. Nxf5 Re8 22. Rd1 Nd3 23. Ne3 Nxb2 24. Rb1 Nd3 25. Rxb7 h6 26. Rxa7 Rc8 27. Ra3 Rd8 28. Kf1 Ne4 29. Nxe4 dxe4 30. Ra4 Re8 1/2-1/2

[Event "GER-chT U10"]
[Site "Magdeburg"]
[Date "2017.12.28"]
[Round "4.3"]
[White "Ermitsch, Magnus"]
[Black "Espig, Nils"]
[Result "1/2-1/2"]
[WhiteElo "1440"]
[BlackElo "1359"]
[PlyCount "46"]
[EventDate "2017.12.27"]
[EventType "team-swiss"]
[EventRounds "7"]
[EventCountry "GER"]
[SourceTitle "EXT 2019"]
[Source "ChessBase"]
[SourceDate "2018.10.10"]
[SourceVersion "1"]
[SourceVersionDate "2018.10.10"]
[SourceQuality "1"]
[WhiteTeam "Friedrichsfelde Borussia"]
[BlackTeam "Dresden TU"]
[WhiteTeamCountry "GER"]
[BlackTeamCountry "GER"]

1. e4 e5 2. Nf3 Nc6 3. d4 exd4 4. Nxd4 Nxd4 5. Qxd4 d6 6. Bc4 Nf6 7. Bg5 Be7 8. Nc3 0-0 9. 0-0 Be6 10. Bb3 Qd7 11. Rfe1 Rfe8 12. f4 Rad8 13. f5 Bxb3 14. axb3 a6 15. Re3 b6 16. Na4 c5 17. Qd3 b5 18. Nc3 Ng4 19. Bxe7 Qxe7 20. Rg3 Nf6 21. Re1 b4 22. Nd5 Nxd5 23. Qxd5 Qe5 1/2-1/2